| 000 | 00737nam a2200217Ii 4500 | ||
|---|---|---|---|
| 003 | JO-AjNU | ||
| 008 | 230605s9999||||xx |||||||||||||| ||und|| | ||
| 017 | _a1999/10/1963 | ||
| 040 |
_aJO-AjNU _bara _erda _cJO-AjNU |
||
| 041 | _aara | ||
| 050 | 1 | 4 | _aBP172.R3774 2000 |
| 100 | 3 |
_aرسول، رسول محمد, _eauthor _99234 |
|
| 245 | 0 | 0 | _aالغرب والإسلام استدراج التعالي الغربي |
| 250 | _aط1 | ||
| 264 | 3 | 1 | _aعمان: دار اسامة للنشر والتوزيع، 2000 |
| 300 | _a112ص | ||
| 336 |
_atext _btxt _2rdacontent |
||
| 337 |
_aunmediated _bn _2rdamedia |
||
| 338 |
_avolume _bnc _2rdacarrier |
||
| 650 | 4 |
_aالاسلام والغرب- الحوار العربي الاوروبي _99235 |
|
| 999 |
_aA1194 _c4762 _d4762 |
||